LEADER 00979nam a2200265 i 4500 001 991003817089707536 005 20020509132704.0 008 990607s1997 it ||| | ita 020 $a8871446720 035 $ab11219506-39ule_inst 035 $aPARLA189183$9ExL 040 $aDip.to Scienze pedagogiche$bita 082 0 $a370 100 1 $aDelors, Jacques$0103481 245 10$aNell'educazione un tesoro :$bRapporto all'UNESCO della Commissione Internazionale sull'Educazione per il XXI secolo /$cpresieduta da Jacques Delors 260 $aRoma :$bArmando,$c1997 300 $a256 p. ;$c24 cm. 440 2$aI libri dell'Unesco 650 4$aEducazione 907 $a.b11219506$b21-09-06$c01-07-02 912 $a991003817089707536 945 $aLE022 370 DEL05.01$g1$i2022000012423$lle022$o-$pE0.00$q-$rl$s- $t0$u7$v4$w7$x0$y.i11373222$z01-07-02 996 $aNell'educazione un tesoro$9867724 997 $aUNISALENTO 998 $ale022$b01-01-99$cm$da $e-$fita$git $h0$i1 LEADER 02701oas 2201021 a 450 001 9910144408603321 005 20251105213014.0 011 $a2330-1198 035 $a(DE-599)ZDB2052619-2 035 $a(DE-599)2052619-2 035 $a(OCoLC)45446992 035 $a(CONSER) 00227422 035 $a(CKB)954927575950 035 $a(EXLCZ)99954927575950 100 $a20001130b19521991 uy a 101 0 $aeng 135 $aurcnu|||||||| 181 $ctxt$2rdacontent 182 $cc$2rdamedia 183 $acr$2rdacarrier 200 10$aSystematic zoology 210 $aWashington, D.C. $cSociety of Systematic Zoology$d1952-1991 300 $aRefereed/Peer-reviewed 300 $aPublished by: the Society of Systematic Biologists, 1991. 311 08$a0039-7989 606 $aBiology$vClassification$vPeriodicals 606 $aBiology$vPeriodicals 606 $aAnimals$vClassification$vPeriodicals 606 $aZoology$vPeriodicals 606 $aZoology 606 $aBiologie$vClassification$vPe?riodiques 606 $aBiologie$vPe?riodiques 606 $aAnimaux$vClassification$vPe?riodiques 606 $aZoologie$vPe?riodiques 606 $aAnimaux$xClassification$vPe?riodiques 606 $aZoologie 606 $azoology$2aat 606 $aAnimals$2fast$3(OCoLC)fst00809468 606 $aBiology$2fast$3(OCoLC)fst00832383 606 $aZoology$2fast$3(OCoLC)fst01184696 606 $aDierkunde$2gtt 608 $aClassification. 608 $aperiodicals.$2aat 608 $aClassification.$2fast 608 $aPeriodicals.$2fast 608 $aPeriodicals.$2lcgft 608 $aPe?riodiques.$2rvmgf 615 0$aBiology 615 0$aBiology 615 0$aAnimals 615 0$aZoology 615 12$aZoology. 615 6$aBiologie 615 6$aBiologie 615 6$aAnimaux 615 6$aZoologie 615 6$aAnimaux$xClassification 615 6$aZoologie. 615 7$azoology. 615 7$aAnimals. 615 7$aBiology. 615 7$aZoology. 615 17$aDierkunde. 676 $a591/.01/2 712 02$aSociety of Systematic Biologists 712 02$aSociety of Systematic Zoology (U.S.) 801 0$bEYM 801 1$bEYM 801 2$bOCLCQ 801 2$bDLC 801 2$bOCLCF 801 2$bDLC 801 2$bOCLCO 801 2$bOCLCQ 801 2$bGILDS 801 2$bOCLCO 801 2$bCGU 801 2$bU3W 801 2$bSFB 801 2$bCLU 801 2$bOCLCQ 801 2$bUAB 801 2$bOCLCE 801 2$bOCLCL 906 $aJOURNAL 912 $a9910144408603321 996 $aSystematic zoology$9785892 997 $aUNINA